Educación para el amor: curso prematrimonial
محفوظ في:
| المؤلف الرئيسي: | |
|---|---|
| التنسيق: | كتاب |
| اللغة: | الإسبانية |
| منشور في: |
Madrid
PS
1979
|
| الطبعة: | 2a. ed |
| سلاسل: | Psicología y Pastoral, 5
|
| الموضوعات: | |
| الوسوم: |
إضافة وسم
لا توجد وسوم, كن أول من يضع وسما على هذه التسجيلة!
|
MARC
| LEADER | 00000nam a2200000 a 4500 | ||
|---|---|---|---|
| 001 | UCU2031 | ||
| 003 | CL-VaPUC | ||
| 008 | 960419e19790000SP |||||||||||||||||spa|d | ||
| 082 | 0 | 4 | |a 261.835 |b IZQ |2 21 |
| 100 | |a Izquierdo, Ciriaco |e author |9 357864 | ||
| 245 | 1 | 0 | |a Educación para el amor: curso prematrimonial |
| 250 | |a 2a. ed | ||
| 300 | |a 175 p | ||
| 942 | |c BK | ||
| 945 | |d 19960419 00:00:00 |a lriquelm | ||
| 260 | |a Madrid |b PS |c 1979 | ||
| 650 | 7 | |a MATRIMONIO |2 CL-VaPUC |9 357865 | |
| 650 | 0 | |a Familias |9 255641 | |
| 650 | 0 | |a Ética |9 255099 | |
| 650 | 0 | |a Educación moral |9 308319 | |
| 650 | 0 | |a Catolicismo |9 258690 | |
| 650 | 0 | |a Iglesia |9 255004 | |
| 650 | 0 | |a Comportamiento sexual |9 334955 | |
| 583 | |a last modification |c 19960419 00:00:00 |k Rodrigo Vera | ||
| 490 | 0 | |a Psicología y Pastoral, 5 | |
| 999 | |c 246435 |d 246433 | ||
| 952 | |0 0 |1 0 |4 0 |6 261_835000000000000_IZQ_1979 |7 0 |8 A |9 261403 |a BIBING |b BIBING |d 2019-11-19 |i 2017377 |o 261.835 IZQ 1979 |p 2017377 |r 2025-01-20 |w 2019-11-19 |y BK |k TRA | ||